[Event "BL 0607 TV Tegernsee - SC Kreuzberg"]
[Site "?"]
[Date "2007.02.24"]
[Round "10.6"]
[White "Kindermann, Stefan"]
[Black "Löffler, Stefan"]
[Result "1/2-1/2"]
[BlackElo "2448"]
[EventDate "2007.??.??"]
[PlyCount "116"]
[WhiteElo "2532"]

1. e4 Nf6 2. e5 Nd5 3. d4 d6 4. Nf3 dxe5 5. Nxe5 c6 6. Bc4 Nd7 7. Nf3 N7f6 8. h3 Bf5 9. O-O e6 10. Bb3 Bd6 11. c4 Ne7 12. Nc3 h6 13. Bc2 O-O 14. b3 Qa5 15. Bb2 Rfd8 16. Qe2 Bxc2 17. Qxc2 Qf5 18. Qxf5 Nxf5 19. Rfd1 a6 20. a4 Rab8 21. a5 b5 22. axb6 Rxb6 23. c5 Rxb3 24. cxd6 Rxb2 25. Rxa6 Nd5 26. Ne4 Nxd6 27. Nxd6 Rxd6 28. Ne5 Nc3 29. Ra8+ Kh7 30. Nxf7 Rxd4 31. Re1 Re4 32. Rxe4 Nxe4 33. Rh8+ Kg6 34. Ne5+ Kg5 35. Rf8 c5 36. h4+ Kh5 37. Rf4 Re2 38. Nc4 Nf6 39. Nd6 e5 40. Rf5+ Kg6 41. Rf3 h5 42. Kf1 Rd2 43. Nc4 Rd5 44. Rg3+ Kh7 45. Rg5 Rd4 46. Nxe5 Rxh4 47. Nf7 Rc4 48. Nd6 Rc1+ 49. Ke2 g6 50. Kd2 Rf1 51. Ke2 Rc1 52. Kd2 Rg1 53. g3 Ng4 54. Ne4 c4 55. Rc5 Rf1 56. Ke2 Ra1 57. Rxc4 Ra2+ 58. Ke1 Ra1+  1/2-1/2

[Event "BL 0607 TV Tegernsee - SC Kreuzberg"]
[Site "?"]
[Date "2007.02.24"]
[Round "10.7"]
[White "Richter, Michael"]
[Black "Hertneck, Gerald"]
[Result "1-0"]
[BlackElo "2520"]
[EventDate "2007.??.??"]
[PlyCount "51"]
[WhiteElo "2396"]

1. d4 Nf6 2. Nf3 e6 3. e3 c5 4. Bd3 b6 5. O-O Be7 6. c4 Bb7 7. Nc3 a6 8. dxc5 bxc5 9. b3 d6 10. Bb2 Nbd7 11. Qe2 O-O 12. Rad1 Qc7 13. Ng5 Rfd8 14. f4 h6 15. Nf3 d5 16. f5 dxc4 17. Bxc4 exf5 18. Nh4 Ng4 19. Qxg4 fxg4 20. Rxf7 Qc6 21. Rxe7+ Kh8 22. Nd5 Rg8 23. Rxd7 Qxd7 24. Ng6+ Kh7 25. Nf6+ gxf6 26. Bxg8+  1-0

[Event "BL 0607 SC Eppingen - SK König-Tegel"]
[Site "?"]
[Date "2007.02.24"]
[Round "10.1"]
[White "Rabiega, Robert"]
[Black "Gyimesi, Zoltan"]
[Result "1/2-1/2"]
[BlackElo "2616"]
[EventDate "2007.??.??"]
[PlyCount "40"]
[WhiteElo "2529"]

1. e4 e5 2. Bc4 Nf6 3. d3 Nc6 4. Nf3 Bc5 5. O-O d6 6. c3 a6 7. Bb3 O-O 8. Re1 Ba7 9. h3 h6 10. Nbd2 Nh5 11. Nf1 Qf6 12. Be3 Nf4 13. Bxa7 Rxa7 14. Ne3 Ne7 15. Kh2 Be6 16. Bc2 Raa8 17. Ng1 Nfg6 18. Qf3 Qg5 19. Qg3 Qxg3+ 20. fxg3 Rad8  1/2-1/2

[Event "BL 0607 SC Eppingen - SK König-Tegel"]
[Site "?"]
[Date "2007.02.24"]
[Round "10.2"]
[White "Balogh, Csaba"]
[Black "Stern, Rene"]
[Result "0-1"]
[BlackElo "2476"]
[EventDate "2007.??.??"]
[PlyCount "84"]
[WhiteElo "2616"]

1. e4 e5 2. Nf3 Nc6 3. Bb5 a6 4. Bxc6 dxc6 5. O-O Qf6 6. h3 Bd7 7. c3 c5 8. Na3 Ne7 9. d4 cxd4 10. cxd4 exd4 11. Bg5 Qg6 12. Nc4 Nc6 13. Bf4 Bxh3 14. Bg3 Be6 15. Rc1 Bxc4 16. Rxc4 Bd6 17. e5 Be7 18. Nxd4 Rd8 19. Qa4 Rxd4 20. Rxd4 b5 21. Qd1 Nxd4 22. Qxd4 c5 23. Qd5 O-O 24. Qb7 Qe6 25. Rd1 h5 26. Rd7 Bg5 27. Rd6 Qxa2 28. e6 fxe6 29. Rd7 Qa1+ 30. Kh2 Qxb2 31. Qxa6 Qf6 32. Kh1 Bh4 33. Qxb5 Bxg3 34. fxg3 Qf1+ 35. Qxf1 Rxf1+ 36. Kh2 Rf7 37. Rd6 Rc7 38. Rxe6 c4 39. Re2 c3 40. Rc2 Kf7 41. g4 hxg4 42. Kg3 Ke6  0-1

[Event "BL 0607 SC Eppingen - SK König-Tegel"]
[Site "?"]
[Date "2007.02.24"]
[Round "10.3"]
[White "Muse, Mladen"]
[Black "Postny, Evgeny"]
[Result "1/2-1/2"]
[BlackElo "2609"]
[EventDate "2007.??.??"]
[PlyCount "27"]
[WhiteElo "2443"]

1. d4 Nf6 2. c4 e6 3. Nf3 b6 4. a3 Bb7 5. Nc3 d5 6. Qa4+ Bc6 7. Qc2 dxc4 8. e4 b5 9. Bg5 Be7 10. O-O-O O-O 11. h4 h6 12. d5 exd5 13. exd5 Be8 14. Ne4 ( 14. Nd4 a6 15. Nf5 Nbd7 16. d6 Bxd6 17. Nxd6 ( 17. Rxd6 cxd6 18. Nd5 Qa5 19. Bd2 Qd8 20. Bg5 Nxd5 21. Bxd8 Rxd8 22. Rh3 Kh8 23. Rg3 Rg8 24. Qd2 N5f6 25. Qd4 Ne5 26. Be2 Bc6 27. f4 Ned7 28. Ne7 Rde8 29. Nxg8 Rxe2 30. Nxf6 Nxf6 31. Re3 Rxg2 32. Qxd6 Rg1+ 33. Kc2 Be4+ 34. Kd2 Bd3 35. Qd8+ Kh7 36. Rxd3 Rg2+ 37. Kc1 cxd3 38. Qxd3+ Kh8 39. Qd8+ Kh7 40. Qd3+ Kh8 41. Qf3 Rg1+ 42. Kc2 Ng8 43. Qb7 Rg6 44. Qxf7 Rf6 45. Qc7 h5 46. b3 ( 46. Kb3 Nh6 47. Qe5 Rf5 48. Qe6 a5 49. Kc3 a4 50. Qd6 Kh7 51. Kd2 g6 52. Qd7+ ) ) )  1/2-1/2

[Event "BL 0607 SC Eppingen - SK König-Tegel"]
[Site "?"]
[Date "2007.02.24"]
[Round "10.4"]
[White "Acs, Peter"]
[Black "Muse, Drazen"]
[Result "1/2-1/2"]
[BlackElo "2412"]
[EventDate "2007.??.??"]
[PlyCount "72"]
[WhiteElo "2522"]

1. e4 d6 2. d4 Nf6 3. f3 e5 4. Ne2 Be7 5. Be3 c6 6. c4 a6 7. d5 O-O 8. Nbc3 b5 9. Ng3 bxc4 10. Bxc4 c5 11. O-O Ne8 12. Qd2 g6 13. a3 a5 14. b4 axb4 15. axb4 Rxa1 16. Rxa1 cxb4 17. Nb5 f5 18. exf5 gxf5 19. Bf2 Na6 20. Na7 Bg5 21. Qe2 Nc5 22. Bxc5 dxc5 23. Nxc8 Qxc8 24. d6+ Kh8 25. Rd1 Ng7 26. Qxe5 Bf6 27. Qd5 Rd8 28. Kf1 Qb8 29. d7 Bd4 30. Re1 b3 31. Nxf5 b2 32. Nh6 Rxd7 33. Qxd7 b1=Q 34. Nf7+ Kg8 35. Nh6+ Kh8 36. Nf7+ Kg8  1/2-1/2

[Event "BL 0607 SC Eppingen - SK König-Tegel"]
[Site "?"]
[Date "2007.02.24"]
[Round "10.5"]
[White "Von Herman, Ulf"]
[Black "Braun, Arik"]
[Result "1-0"]
[BlackElo "2525"]
[EventDate "2007.??.??"]
[PlyCount "57"]
[WhiteElo "2364"]

1. d4 Nf6 2. c4 g6 3. Nc3 d5 4. cxd5 Nxd5 5. Bd2 Nb6 6. Bg5 Bg7 7. e3 O-O 8. Rc1 Be6 9. Nf3 Nd5 10. Na4 Bf5 11. Be2 Nd7 12. O-O N7f6 13. Bh4 Rb8 14. a3 Ne4 15. Nd2 b6 16. Bf3 Ndf6 17. Nxe4 Bxe4 18. Bxe4 Nxe4 19. Qc2 f5 20. Nc3 Nxc3 21. Qxc3 c5 22. Qc4+ Kh8 23. dxc5 bxc5 24. Qxc5 Rc8 25. Qxa7 Rxc1 26. Rxc1 Bxb2 27. Qxe7 Qxe7 28. Bxe7 Ra8 29. Rb1  1-0

[Event "BL 0607 SC Eppingen - SK König-Tegel"]
[Site "?"]
[Date "2007.02.24"]
[Round "10.6"]
[White "Meier, Georg"]
[Black "Sarbok, Torsten"]
[Result "1/2-1/2"]
[BlackElo "2325"]
[EventDate "2007.??.??"]
[PlyCount "69"]
[WhiteElo "2484"]

1. e4 c6 2. d4 d5 3. exd5 cxd5 4. c4 Nf6 5. Nc3 e6 6. Nf3 Be7 7. cxd5 Nxd5 8. Bd3 Nc6 9. O-O O-O 10. Re1 Bf6 11. Be4 Nxc3 12. bxc3 Qa5 13. Qc2 h6 14. Rb1 Rd8 15. Bf4 Ne7 16. a4 Nd5 17. Rb5 Qa6 18. Be5 Bxe5 19. Nxe5 Nf6 20. Bf3 Nd7 21. Nd3 Rb8 22. c4 Qd6 23. d5 exd5 24. Rxd5 Qf8 25. Qc3 Nf6 26. Ra5 a6 27. Rae5 Qd6 28. Nf4 Bg4 29. Nd5 Bxf3 30. Qxf3 Nxd5 31. cxd5 b5 32. axb5 axb5 33. h3 b4 34. Re7 Rf8 35. Qb3  1/2-1/2

[Event "BL 0607 SC Eppingen - SK König-Tegel"]
[Site "?"]
[Date "2007.02.24"]
[Round "10.7"]
[White "Pachow, Joerg"]
[Black "Medvegy, Zoltan"]
[Result "0-1"]
[BlackElo "2518"]
[EventDate "2007.??.??"]
[PlyCount "134"]
[WhiteElo "2290"]

1. e4 c6 2. d4 d5 3. exd5 cxd5 4. c4 Nf6 5. Nc3 g6 6. cxd5 Nxd5 7. g3 Bg7 8. Bg2 Nb6 9. Nf3 Nc6 10. O-O O-O 11. Re1 Bg4 12. Bg5 Re8 13. d5 Ne5 14. h3 Nxf3+ 15. Bxf3 Bxc3 16. bxc3 Bxf3 17. Qxf3 Qxd5 18. Qxd5 Nxd5 19. c4 Nf6 20. Rab1 b6 21. a4 Kg7 22. a5 bxa5 23. Rb5 h6 24. Bxf6+ Kxf6 25. Rxa5 Rec8 26. Rea1 Rxc4 27. Rxa7 Rxa7 28. Rxa7 g5 29. Kg2 h5 30. Ra6+ e6 31. Ra8 Kg7 32. Ra7 Kg6 33. Ra6 Re4 34. Ra8 f5 35. Rg8+ Kf6 36. Rf8+ Kg7 37. Re8 Kf7 38. Ra8 h4 39. Ra7+ Kf6 40. Ra8 Rb4 41. Ra5 Rd4 42. Rb5 hxg3 43. Kxg3 Rd3+ 44. Kg2 Rd6 45. Ra5 e5 46. Rb5 e4 47. Ra5 Rb6 48. Ra4 Kg6 49. Rc4 Rb2 50. Rc6+ Kf7 51. Kg1 Rb1+ 52. Kg2 f4 53. Rc4 f3+ 54. Kg3 Rg1+ 55. Kh2 Re1 56. Kg3 Ke6 57. Ra4 Kd5 58. Ra5+ Kd4 59. Ra4+ Kd3 60. Ra3+ Ke2 61. Ra2+ Kf1 62. Rb2 Kg1 63. Ra2 Kh1 64. Kg4 Re2 65. Ra4 Kg2 66. Kxg5 Kxf2 67. h4 Kg2  0-1

[Event "BL 0607 SC Eppingen - SK König-Tegel"]
[Site "?"]
[Date "2007.02.24"]
[Round "10.8"]
[White "Vogt, Lothar"]
[Black "Teschke, Olaf"]
[Result "1-0"]
[BlackElo "2265"]
[EventDate "2007.??.??"]
[PlyCount "53"]
[WhiteElo "2479"]

1. e4 e6 2. d3 d5 3. Nd2 Nf6 4. Ngf3 Be7 5. g3 c5 6. Bg2 Nc6 7. O-O O-O 8. Re1 b5 9. e5 Nd7 10. Nf1 a5 11. Bf4 b4 12. h4 a4 13. a3 bxa3 14. bxa3 Ba6 15. Ne3 Nd4 16. c4 Nxf3+ 17. Qxf3 Nb6 18. cxd5 Nxd5 19. Nxd5 exd5 20. Qxd5 Ra7 21. e6 fxe6 22. Rxe6 Kh8 23. Bd6 Bxd6 24. Rxd6 Qa5 25. Rc1 Rc7 26. Be4 Bb7 27. Qf5  1-0

[Event "BL 0607 SV Mülheim Nord - OSC Baden Bad"]
[Site "?"]
[Date "2007.02.24"]
[Round "10.6"]
[White "Kern, Guido"]
[Black "Dautov, Rustem"]
[Result "0-1"]
[BlackElo "2577"]
[EventDate "2007.??.??"]
[PlyCount "108"]
[WhiteElo "2352"]

1. Nf3 Nf6 2. c4 e6 3. g3 a6 4. Bg2 b5 5. b3 c5 6. Nc3 Qb6 7. O-O Bb7 8. e3 Be7 9. Qe2 Ne4 10. Nxe4 Bxe4 11. d3 Bb7 12. Bb2 O-O 13. Rfd1 d6 14. d4 Nd7 15. Rac1 bxc4 16. Qxc4 Rac8 17. Qe2 cxd4 18. Bxd4 Qb4 19. Qb2 e5 20. a3 Qa5 21. Bc3 Qb6 22. b4 Bc6 23. Qe2 Rc7 24. e4 Nf6 25. Nh4 g6 26. Bd2 Rfc8 27. Bg5 Ba4 28. Rxc7 Rxc7 29. Rc1 Rxc1+ 30. Bxc1 Qc7 31. Bg5 Bb5 32. Qd2 Qc4 33. Qc1 Qxc1+ 34. Bxc1 Kf8 35. f3 d5 36. exd5 Nxd5 37. f4 Nc3 38. Bb2 Ne2+ 39. Kf2 Bxh4 40. gxh4 Nxf4 41. Be4 f6 42. Kf3 Ke7 43. Bc2 Kd6 44. Bc1 Ne6 45. Be3 f5 46. Bb3 Bc6+ 47. Kf2 Bd5 48. Ba4 f4 49. Ba7 Kc7 50. Be8 Kb7 51. Bc5 Nxc5 52. bxc5 Kc7 53. Ke1 Bc4 54. a4 e4  0-1

[Event "BL 0607 SV Mülheim Nord - OSC Baden Bad"]
[Site "?"]
[Date "2007.02.24"]
[Round "10.7"]
[White "Schlosser, Philipp"]
[Black "Wegener, Olaf"]
[Result "1/2-1/2"]
[BlackElo "2404"]
[EventDate "2007.??.??"]
[PlyCount "91"]
[WhiteElo "2554"]

1. c4 Nf6 2. Nc3 e6 3. e4 d5 4. e5 d4 5. exf6 dxc3 6. bxc3 Qxf6 7. d4 e5 8. Nf3 exd4 9. Bg5 Qe6+ 10. Be2 Be7 11. cxd4 O-O 12. O-O h6 13. Be3 Bf6 14. Re1 Rd8 15. Rb1 Qe7 16. Bd3 Qf8 17. h3 Nc6 18. Be4 Nxd4 19. Nxd4 c5 20. Bd5 cxd4 21. Bxd4 Bxd4 22. Qxd4 Rd7 23. Rb3 Re7 24. Rxe7 Qxe7 25. Rg3 g5 26. Rb3 a5 27. h4 Ra6 28. Re3 Be6 29. hxg5 hxg5 30. Qe5 Qd8 31. Rg3 Bxd5 32. Rxg5+ Rg6 33. Rxg6+ fxg6 34. cxd5 Qd7 35. d6 Kf7 36. Qd5+ Kf6 37. a4 Qc6 38. Qd2 Ke6 39. g3 Qxa4 40. Qd3 g5 41. Qg6+ Kd7 42. Qxg5 Kxd6 43. Qd8+ Kc5 44. Qc7+ Kb4 45. Qxb7+ Qb5 46. Qe4+  1/2-1/2

[Event "BL 0607 SF Katernberg - SC Bann"]
[Site "?"]
[Date "2007.02.24"]
[Round "10.4"]
[White "Chuchelov, Vladimir"]
[Black "Slobodjan, Roman"]
[Result "1/2-1/2"]
[BlackElo "2525"]
[EventDate "2007.??.??"]
[PlyCount "105"]
[WhiteElo "2539"]

1. Nf3 d5 2. d4 e6 3. c4 Nf6 4. Nc3 Be7 5. Bg5 h6 6. Bh4 b6 7. Qa4+ c6 8. Bxf6 Bxf6 9. e4 dxc4 10. Qxc4 Ba6 11. Qa4 b5 12. Qc2 O-O 13. O-O-O b4 14. Na4 Bb5 15. Nc5 Nd7 16. Kb1 a5 17. Rc1 Ra7 18. h4 a4 19. Bxb5 b3 20. Qe2 bxa2+ 21. Ka1 cxb5 22. Qxb5 Nxc5 23. Qxc5 Rb7 24. Rc2 a3 25. Qxa3 Bxd4 26. Rd2 e5 27. Rhd1 Qf6 28. Nxd4 exd4 29. Qf3 Qxh4 30. Rxd4 Qe7 31. Qd3 Qf6 32. f3 g6 33. Qd2 h5 34. Rd6 Qe5 35. Qd4 Qg3 36. Rd8 Rb8 37. Rxf8+ Rxf8 38. Qd2 h4 39. Qe2 Ra8 40. Rc1 Qg5 41. Rd1 Qg3 42. Qe1 Qg5 43. Qd2 Qb5 44. Qd5 Qa4 45. Rc1 Qa7 46. f4 Rb8 47. f5 Qe3 48. Rh1 Qe2 49. Qe5 Rd8 50. fxg6 Rd1+ 51. Rxd1 Qxd1+ 52. Kxa2 Qa4+ 53. Kb1  1/2-1/2

[Event "BL 0607 SF Katernberg - SC Bann"]
[Site "?"]
[Date "2007.02.24"]
[Round "10.5"]
[White "Muraniy, Karl-Jasmin"]
[Black "Senff, Martin"]
[Result "1/2-1/2"]
[BlackElo "2449"]
[EventDate "2007.??.??"]
[PlyCount "83"]
[WhiteElo "2357"]

1. d4 d5 2. Nf3 Nf6 3. c3 e6 4. Bf4 c5 5. e3 Nc6 6. h3 Bd6 7. Bxd6 Qxd6 8. Nbd2 O-O 9. Be2 e5 10. O-O Bf5 11. a3 Rfe8 12. Re1 exd4 13. exd4 Ne4 14. Bb5 a6 15. Bxc6 bxc6 16. dxc5 Nxc5 17. Rxe8+ Rxe8 18. Nd4 Bd7 19. b4 Nd3 20. Qf3 Nf4 21. N2b3 h6 22. Nc5 Bc8 23. Rd1 a5 24. Qg3 axb4 25. axb4 Re5 26. Qxf4 Re1+ 27. Rxe1 Qxf4 28. Nxc6 Kh7 29. Nd4 Qc7 30. Re3 g6 31. Ncb3 Kg7 32. Nd2 Bd7 33. N2f3 Ba4 34. g3 h5 35. Ng5 Qd6 36. b5 Qd7 37. Rf3 f5 38. Nge6+ Kf6 39. Nc5 Qa7 40. b6 Qxb6 41. Nxa4 Qa5 42. g4  1/2-1/2

[Event "BL 0607 SG Köln Porz - Bindl-Aktionär"]
[Site "?"]
[Date "2007.02.24"]
[Round "10.7"]
[White "Bezold, Michael"]
[Black "Korneev, Oleg"]
[Result "0-1"]
[BlackElo "2657"]
[EventDate "2007.??.??"]
[PlyCount "62"]
[WhiteElo "2535"]

1. c4 e5 2. Nc3 Nf6 3. Nf3 Nc6 4. d3 h6 5. Bd2 a6 6. a3 Bc5 7. b4 Ba7 8. b5 axb5 9. cxb5 Nd4 10. Nxe5 O-O 11. e3 Re8 12. Nf3 Nxf3+ 13. gxf3 d5 14. Ne2 c5 15. bxc6 bxc6 16. d4 Nd7 17. Bc3 Nb6 18. Ng3 Bb8 19. Rg1 Qh4 20. Qc2 Bxg3 21. Rxg3 Qxh2 22. Bd2 Qh1 23. O-O-O Rxa3 24. Qb2 Ra8 25. Bd3 Qh2 26. Rdg1 g5 27. e4 Ba6 28. Bxg5 hxg5 29. Qd2 Bxd3 30. Qf4 Ra1+ 31. Kd2 Qxf2+  0-1

[Event "BL 0607 SG Köln Porz - Bindl-Aktionär"]
[Site "?"]
[Date "2007.02.24"]
[Round "10.8"]
[White "Hansen, Curt"]
[Black "Markos, Jan"]
[Result "1-0"]
[BlackElo "2538"]
[EventDate "2007.??.??"]
[PlyCount "125"]
[WhiteElo "2621"]

1. e4 c5 2. Nf3 Nc6 3. d4 cxd4 4. Nxd4 Nf6 5. Nc3 e5 6. Ndb5 d6 7. Bg5 a6 8. Na3 b5 9. Nd5 Be7 10. Bxf6 Bxf6 11. c4 b4 12. Nc2 a5 13. Be2 O-O 14. O-O Bg5 15. Qd3 Ne7 16. Nxe7+ Qxe7 17. Rfd1 Ra6 18. a3 Rb6 19. axb4 axb4 20. b3 f5 21. Ne3 Bxe3 22. Qxe3 Qc7 23. exf5 Bxf5 24. Bf3 h6 25. Rd5 Rbb8 26. Rad1 Rf6 27. c5 dxc5 28. Rxc5 Qf7 29. Rxe5 Kh8 30. Re7 Qg6 31. h4 Rbf8 32. h5 Qg5 33. Qxg5 hxg5 34. Rd4 g4 35. Bxg4 Bxg4 36. Rxg4 Rxf2 37. Rxb4 Rb2 38. h6 gxh6 39. Rbb7 Rc8 40. Rh7+ Kg8 41. Rxh6 Rf8 42. Rg6+ Kh8 43. Rb4 Kh7 44. Rg3 Rf6 45. Rh4+ Rh6 46. Rgh3 Rxh4 47. Rxh4+ Kg6 48. Rb4 Kf5 49. Kh2 Rb1 50. Kg3 Rf1 51. Rb5+ Kf6 52. Kg4 Rf2 53. Rb6+ Kf7 54. g3 Rf1 55. Kg5 Rf3 56. g4 Rg3 57. b4 Rg2 58. b5 Rg1 59. Rc6 Rb1 60. b6 Rb4 61. Rc7+ Ke6 62. b7 Ke5 63. Kh6  1-0

[Event "BL 0607 SC Remagen - SF Berlin"]
[Site "?"]
[Date "2007.02.24"]
[Round "10.1"]
[White "Polzin, Rainer"]
[Black "Bauer, Christian"]
[Result "1-0"]
[BlackElo "2589"]
[EventDate "2007.??.??"]
[PlyCount "83"]
[WhiteElo "2480"]

1. e4 Nf6 2. e5 Nd5 3. d4 d6 4. c4 Nb6 5. exd6 cxd6 6. Nc3 g6 7. Be3 Bg7 8. Rc1 O-O 9. b3 Nc6 10. d5 Ne5 11. Be2 Re8 12. Nf3 e6 13. dxe6 Bxe6 14. Nd4 Qh4 15. Nxe6 Rxe6 16. O-O Rae8 17. Nb5 Nc6 18. Bf3 Rxe3 19. fxe3 Be5 20. g3 Qe7 21. Nd4 Nd8 22. Rc2 h5 23. Rg2 a6 24. Ne2 Bg7 25. Nf4 h4 26. Kh1 Be5 27. gxh4 Qxh4 28. Qd3 Bxf4 29. exf4 Ne6 30. Qxd6 Nc8 31. Qe5 Na7 32. Qg5 Qh3 33. Qg4 Qxg4 34. Bxg4 Ng7 35. f5 gxf5 36. Bf3 Kf8 37. Bxb7 Re6 38. Bd5 Rd6 39. Rfg1 Nh5 40. Rg8+ Ke7 41. Rb8 Nc6 42. Re1+  1-0

[Event "BL 0607 SC Remagen - SF Berlin"]
[Site "?"]
[Date "2007.02.24"]
[Round "10.3"]
[White "Borriss, Martin Dr"]
[Black "Degraeve, Jean-Marc"]
[Result "1/2-1/2"]
[BlackElo "2551"]
[EventDate "2007.??.??"]
[PlyCount "84"]
[WhiteElo "2455"]

1. e4 Nf6 2. e5 Nd5 3. d4 d6 4. Nf3 dxe5 5. Nxe5 c6 6. Be2 Bf5 7. O-O Nd7 8. Nd3 e6 9. c4 N5f6 10. b3 Bd6 11. Nd2 e5 12. Bb2 exd4 13. Bxd4 O-O 14. Nf3 Re8 15. Re1 Re4 16. Bf1 Nf8 17. Nc5 Rxe1 18. Qxe1 Qc7 19. Bxf6 Bxc5 20. Bd4 Ne6 21. Bxc5 Nxc5 22. Rd1 Bg4 23. Qe3 Ne6 24. h3 Bxf3 25. Qxf3 Rd8 26. g3 Qa5 27. Rxd8+ Qxd8 28. b4 a5 29. a3 Qd2 30. Qd3 Qxd3 31. Bxd3 axb4 32. axb4 c5 33. bxc5 Nxc5 34. Bc2 h6 35. f4 Kf8 36. Kf2 Ke7 37. Ke3 Kd6 38. h4 b6 39. Bf5 h5 40. Bc2 Ke6 41. Bd1 g6 42. g4 hxg4  1/2-1/2

[Event "BL 0607 SC Remagen - SF Berlin"]
[Site "?"]
[Date "2007.02.24"]
[Round "10.4"]
[White "Popovic, Petar"]
[Black "Poldauf, Dirk"]
[Result "1-0"]
[BlackElo "2433"]
[EventDate "2007.??.??"]
[PlyCount "109"]
[WhiteElo "2483"]

1. e4 e6 2. d4 d5 3. Nd2 Nf6 4. e5 Nfd7 5. c3 c5 6. Ndf3 Nc6 7. Bd3 cxd4 8. cxd4 f6 9. exf6 Nxf6 10. Ne2 Bd6 11. O-O Qc7 12. Nc3 a6 13. Be3 O-O 14. Rc1 Bd7 15. b3 Rae8 16. Re1 Qb8 17. Bb1 Re7 18. h3 Be8 19. Bd3 Bh5 20. Be2 h6 21. Nh4 Be8 22. Qc2 Bf4 23. Ng6 Bxg6 24. Qxg6 Ref7 25. Bf3 Ne7 26. Qd3 Nf5 27. Bxf4 Qxf4 28. Rcd1 Qd6 29. g3 Nd7 30. Bg2 g5 31. Rd2 Rf6 32. Rde2 Kg7 33. Na4 R8f7 34. b4 b6 35. Rc2 a5 36. bxa5 bxa5 37. Rb1 Ne7 38. Qe3 Nf5 39. Qc3 Ne7 40. Nc5 Nf8 41. Qxa5 Nc6 42. Qa6 e5 43. Rb6 exd4 44. Nd3 Rc7 45. Rb7 Rxb7 46. Qxb7+ Nd7 47. a4 h5 48. Rc5 Nd8 49. Qc7 Nf7 50. Qxd6 Rxd6 51. Rxd5 Nb6 52. Ra5 h4 53. g4 Nc4 54. Rc5 Nd2 55. a5  { Nach drei weiteren unlesbaren Zuegen...}   1-0

[Event "BL 0607 SC Remagen - SF Berlin"]
[Site "?"]
[Date "2007.02.24"]
[Round "10.6"]
[White "Mainka, Romuald"]
[Black "Schneider, Ilja"]
[Result "1/2-1/2"]
[BlackElo "2368"]
[EventDate "2007.??.??"]
[PlyCount "114"]
[WhiteElo "2485"]

1. e4 c5 2. Nf3 Nf6 3. e5 Nd5 4. c3 d6 5. exd6 Qxd6 6. d4 cxd4 7. Nxd4 Nc6 8. Na3 e6 9. Nc4 Qc7 10. Nxc6 bxc6 11. Bd3 Ba6 12. Qe2 Nf4 13. Bxf4 Qxf4 14. Qe4 Qxe4+ 15. Bxe4 Rc8 16. Na5 Kd7 17. O-O-O+ Kc7 18. b4 c5 19. a3 Be7 20. Bd3 Bxd3 21. Rxd3 Rhd8 22. Rhd1 Rxd3 23. Rxd3 Rb8 24. Kc2 e5 25. f3 Rb6 26. Nc4 Rg6 27. Rd2 cxb4 28. axb4 Re6 29. Re2 Bd6 30. g3 Kc6 31. Kd3 Bc7 32. Ra2 Kb7 33. Ke4 Rc6 34. Kd5 Rf6 35. Ke4 Rc6 36. Kd3 Rf6 37. Nd2 h5 38. Ke2 Rc6 39. Ne4 Bb6 40. b5 Rh6 41. Rd2 Kc7 42. Ng5 Rf6 43. h4 Rg6 44. c4 Bd4 45. Ra2 Kb7 46. f4 exf4 47. Rd2 f6 48. Rxd4 fxg5 49. gxf4 gxh4 50. Rd5 Rg4 51. Kf3 g6 52. c5 h3 53. Rd7+ Kc8 54. Rd1 g5 55. fxg5 Rxg5 56. b6 axb6 57. cxb6 Kb7  1/2-1/2

[Event "BL 0607 SC Remagen - SF Berlin"]
[Site "?"]
[Date "2007.02.24"]
[Round "10.8"]
[White "Schulz, Klaus-Juergen"]
[Black "Rudolf, Henrik"]
[Result "0-1"]
[BlackElo "2327"]
[EventDate "2007.??.??"]
[PlyCount "64"]
[WhiteElo "2393"]

1. d4 Nf6 2. c4 g6 3. Nf3 Bg7 4. g3 O-O 5. Bg2 d6 6. Nc3 Nbd7 7. O-O e5 8. e4 a6 9. h3 b5 10. Qe2 b4 11. Na4 exd4 12. e5 dxe5 13. Nxd4 exd4 14. Bxa8 Re8 15. Qd1 Ne5 16. Bg2 Nxc4 17. Qb3 Be6 18. Qxb4 Bd5 19. Bxd5 Qxd5 20. Qc5 Qe6 21. Bf4 Ne4 22. Qxc7 g5 23. Rfe1 gxf4 24. Qxf4 Qd5 25. f3 Ned6 26. Rxe8+ Nxe8 27. Re1 Ne3 28. Rc1 Nd6 29. Rc5 Qe6 30. Kh2 d3 31. Rc6 d2 32. Nc3 Nec4  { Zue}   0-1

[Event "BL 0607 Werder Bremen - Solinger SG"]
[Site "?"]
[Date "2007.02.24"]
[Round "10.3"]
[White "Naumann, Alexander"]
[Black "Areshchenko, Alexander"]
[Result "0-1"]
[BlackElo "2640"]
[EventDate "2007.??.??"]
[PlyCount "84"]
[WhiteElo "2542"]

1. e4 c5 2. Nf3 d6 3. d4 cxd4 4. Nxd4 Nf6 5. Nc3 a6 6. Bc4 e6 7. Bb3 Nc6 8. Be3 Be7 9. f4 O-O 10. Qf3 Nxd4 11. Bxd4 b5 12. Bxf6 Bxf6 13. e5 Bh4+ 14. g3 Rb8 15. gxh4 Bb7 16. Ne4 dxe5 17. Rg1 g6 18. Rf1 f5 19. Qc3 Bxe4 20. Bxe6+ Kg7 21. Rd1 Qxh4+ 22. Rf2 Rbd8 23. Rd7+ Rxd7 24. Bxd7 b4 25. Qc7 Kh6 26. fxe5 Qg5 27. Qd6 Qc1+ 28. Qd1 Qxb2 29. Qd2+ Kg7 30. e6 Qa1+ 31. Ke2 Qe5 32. Kf1 Rb8 33. Qg5 Qa1+ 34. Ke2 Qf6 35. Qf4 Rb7 36. Qd6 Bxc2 37. Rf1 b3 38. axb3 Rxb3 39. e7 Bd3+ 40. Kf2 Qxd6 41. e8=N+ Kf8 42. Nxd6 Rb2+  0-1

[Event "BL 0607 Werder Bremen - Solinger SG"]
[Site "?"]
[Date "2007.02.24"]
[Round "10.5"]
[White "Hoffmann, Michael"]
[Black "Pelletier, Yannick"]
[Result "1/2-1/2"]
[BlackElo "2588"]
[EventDate "2007.??.??"]
[PlyCount "47"]
[WhiteElo "2477"]

1. e4 e6 2. d4 d5 3. Nc3 dxe4 4. Nxe4 Nd7 5. Nf3 Ngf6 6. Nxf6+ Nxf6 7. Bg5 h6 8. Be3 Nd5 9. Bd3 Nxe3 10. fxe3 Bd6 11. O-O O-O 12. c3 Qe7 13. Nd2 c5 14. Ne4 Bd7 15. Qh5 f5 16. Nxd6 Qxd6 17. Rad1 Bc6 18. Qe2 Rae8 19. Bb5 Kh8 20. Bxc6 Qxc6 21. Qc4 Qe4 22. Qd3 Qxd3 23. Rxd3 cxd4 24. exd4  1/2-1/2

[Event "BL 0607 Werder Bremen - Solinger SG"]
[Site "?"]
[Date "2007.02.24"]
[Round "10.7"]
[White "Gabriel, Christian"]
[Black "Fish, Gennadij"]
[Result "1/2-1/2"]
[BlackElo "2529"]
[EventDate "2007.??.??"]
[PlyCount "75"]
[WhiteElo "2540"]

1. d4 d5 2. c4 e6 3. Nf3 c5 4. cxd5 exd5 5. g3 Nc6 6. Bg2 Nf6 7. O-O Be7 8. Nc3 Be6 9. b3 Ne4 10. Bb2 Bf6 11. e3 Bg4 12. Qe1 O-O 13. dxc5 Re8 14. Rd1 Qa5 15. Rc1 Bxf3 16. Bxf3 Bxc3 17. Bxc3 Qxa2 18. Qd1 Nxc3 19. Rxc3 Rad8 20. Bxd5 Qa5 21. Rc1 Nb4 22. e4 Nxd5 23. exd5 Re5 24. Re1 Rdxd5 25. Rxe5 Rxe5 26. Qd6 Re8 27. Qd7 Rb8 28. Rc4 Qe1+ 29. Kg2 Qe5 30. b4 a6 31. Rf4 Qe8 32. Rd4 Kf8 33. Qd6+ Kg8 34. Qd7 Kf8 35. h4 h6 36. Kf3 Qe5 37. Kg2 Qe7 38. Kf3  1/2-1/2

[Event "BL 0607 Werder Bremen - Solinger SG"]
[Site "?"]
[Date "2007.02.24"]
[Round "10.8"]
[White "Schandorff, Lars"]
[Black "Ernst, Sipke"]
[Result "1/2-1/2"]
[BlackElo "2512"]
[EventDate "2007.??.??"]
[PlyCount "75"]
[WhiteElo "2534"]

1. d4 Nf6 2. c4 e6 3. Nf3 Nc6 4. a3 d6 5. Nc3 g6 6. g3 Bg7 7. Bg2 O-O 8. O-O Re8 9. e3 a6 10. Qc2 Rb8 11. Bd2 b5 12. cxb5 axb5 13. Na2 Rb6 14. Rac1 Bb7 15. Rfd1 Qa8 16. Ne1 Rc8 17. Nb4 Ne7 18. f3 c5 19. dxc5 dxc5 20. Nbd3 c4 21. Nf2 Nfd5 22. Qb1 c3 23. bxc3 Nxc3 24. Bxc3 Bxc3 25. Rd3 b4 26. Rdxc3 Rxc3 27. Rxc3 Nd5 28. Rd3 bxa3 29. Qa2 Nb4 30. Qxa3 Nxd3 31. Qxa8+ Bxa8 32. Nfxd3 Ra6 33. Nc2 Ra2 34. Nde1 e5 35. f4 Bxg2 36. Kxg2 exf4 37. gxf4 f5 38. Kg3  1/2-1/2

[Event "BL 0607 Hamburger SK - SV Wattenscheid"]
[Site "?"]
[Date "2007.02.24"]
[Round "10.5"]
[White "Holzke, Frank Dr"]
[Black "Mueller, Karsten Dr"]
[Result "1/2-1/2"]
[BlackElo "2500"]
[EventDate "2007.??.??"]
[PlyCount "66"]
[WhiteElo "2461"]

1. e4 d5 2. exd5 Qxd5 3. Nc3 Qa5 4. d4 Nf6 5. Nf3 Bf5 6. Bc4 e6 7. Bd2 c6 8. Nd5 Qd8 9. Nxf6+ Qxf6 10. Qe2 Bg4 11. d5 Bxf3 12. gxf3 cxd5 13. Bxd5 Nd7 14. O-O-O O-O-O 15. Be4 Qe5 16. f4 Qc7 17. f5 exf5 18. Bxf5 g6 19. Bc3 Bh6+ 20. Kb1 gxf5 21. Qh5 Qf4 22. Bd2 Qxd2 23. Rxd2 Bxd2 24. Qxf5 Rhe8 25. Rd1 Re1 26. Rxe1 Bxe1 27. c3 h6 28. Kc2 Re8 29. Qxf7 Rf8 30. Qc4+ Kd8 31. Qe4 Rxf2+ 32. Kd1 Rxh2 33. Qxe1 Rxb2  1/2-1/2